059bis_ Personnalités nées un 29 février par images - Statistiques

Statistiques générales
  • Ce quiz a été pris 25 fois
  • Le résultat moyen est 3 sur 9
Statistiques - réponses
Par images Hint Réponse % Correct
Acteur Gérard Darmon
100%
Chanteur Khaled
63%
Écrivaine Géraldine Maillet
38%
Humoriste Sugar Sammy
38%
Dirigeant Politique Pedro Sánchez
33%
Actrice Michèle Morgan
13%
Politicien Laurent Louis
8%
Skippeuse Hannah Louise Mills
0%
Rappeur Saul Williams
0%
Aucun quiz correspondant
Distribution des résultats
% des personnes avec chaque résultat
Percentile par nombre de réponses
Votre historique - résultats
Vous n’avez pas pris ce quiz